[Event "Druzynowe Mistrzostw Polski Juniorow - II Liga"]
[Site "Wroclaw"]
[Date "1899-12-30"]
[Round "3.30"]
[White "Kucia, Kinga"]
[Black "Nieckarz, Maja"]
[Result "0-1"]
[WhiteTitle "I"]
[BlackTitle "I"]
[WhiteElo "1208"]
[BlackElo "1432"]

1. d4 Nf6 2. c4 g6 3. Nc3 Bg7 4. e4 d6 5. Nf3 O-O 6. Be2 e5 7. d5 a5 8. a4 Na6
9. O-O Nc5 10. Qc2 Nh5 11. Bg5 f6 12. Be3 b6 13. Nd2 Nf4 14. Bxf4 exf4 15. Nb3
Nxb3 16. Qxb3 Qe8 17. f3 g5 18. Nb5 Qf7 19. Nd4 f5 20. Nxf5 Bxf5 21. exf5 Bd4+
22. Kh1 Qxf5 23. Bd3 Qf6 24. Rab1 Rae8 25. Be4 Qh6 26. Qd3 Bc5 27. Rfe1 Re5 28.
h3 Rf6 29. Qc2 Qh4 30. Re2 Kg7 31. b3 Qg3 32. Qd1 g4 33. fxg4 Rxe4 34. Rxe4 f3
35. Qf1 Rh6 36. Qxf3 Rxh3+ 37. gxh3 Qxf3+ 0-1

[Event "Druzynowe Mistrzostw Polski Juniorow - II Liga"]
[Site "Wroclaw"]
[Date "1899-12-30"]
[Round "3.31"]
[White "Stypka, Sebastian"]
[Black "Bochniak, Franciszek"]
[Result "0-1"]
[WhiteTitle "II"]
[BlackTitle "I+"]
[WhiteElo "1373"]
[BlackElo "1664"]

1. e4 c5 2. Nf3 d6 3. d4 cxd4 4. Nxd4 Nf6 5. Nc3 Nc6 6. Be2 g6 7. Bg5 Bg7 8. Nb3
a6 9. O-O O-O 10. f4 b5 11. Bf3 Bb7 12. Kh1 Nd7 13. Rb1 Nb6 14. Nd5 Nc4 15. Qc1
a5 16. c3 f6 17. Bh4 Bh6 18. Be2 e6 19. Ne3 Nxe3 20. Qxe3 e5 21. Qh3 exf4 22.
Bxf6 Qxf6 23. Qxh6 Ne5 24. Bf3 Bc8 25. Be2 Bb7 26. Bf3 Nxf3 27. gxf3 d5 28. exd5
Bxd5 29. Rbd1 Rad8 30. Nd4 Bxa2 31. Nxb5 Bc4 32. Nd4 Bxf1 33. Rxf1 Rb8 34. b3
Rfc8 35. Rc1 Rb4 36. Qh3 Rc7 37. Re1 Rb8 38. Rc1 Rbc8 39. Nb5 Rc5 40. c4 a4 41.
bxa4 Rd8 42. Qf1 Rd2 43. Qe1 Rxh2+ 44. Kxh2 Rh5+ 45. Kg1 Qg5+ 46. Kf1 Rh1+ 47.
Ke2 Qe5+ 48. Kd2 Qb2+ 49. Kd3 Rxe1 50. Rxe1 Qf2 51. Re8+ Kf7 52. Nd6+ Kg7 53.
Re7+ Kh6 54. Nf7+ Kh5 55. Ne5 Qe3+ 56. Kc2 h6 57. a5 Qc5 58. Rd7 Qxa5 59. Rd5
Qa2+ 60. Kc3 Qa3+ 61. Kd4 Qe3# 0-1

[Event "Druzynowe Mistrzostw Polski Juniorow - II Liga"]
[Site "Wroclaw"]
[Date "1899-12-30"]
[Round "3.32"]
[White "Merecki, Antoni"]
[Black "Cieply, Krzysztof"]
[Result "1-0"]
[WhiteTitle "II"]
[BlackTitle "I"]
[WhiteElo "1543"]
[BlackElo "1763"]

1. e4 c5 2. Nf3 Nc6 3. Bb5 g6 4. O-O Bg7 5. Re1 Ne5 6. Nxe5 Bxe5 7. c3 a6 8. Bf1
Qc7 9. g3 c4 10. b3 cxb3 11. axb3 Bg7 12. d4 e6 13. Ba3 d6 14. Nd2 b5 15. Rc1
Qb6 16. e5 dxe5 17. Ne4 Bf8 18. Bxf8 Kxf8 19. dxe5 Kg7 20. c4 bxc4 21. bxc4 Ne7
22. Qf3 Nf5 23. Nd6 Bd7 24. g4 Bc6 25. Qf4 Qd4 26. Nxf5+ 1-0

[Event "Druzynowe Mistrzostw Polski Juniorow - II Liga"]
[Site "Wroclaw"]
[Date "1899-12-30"]
[Round "3.33"]
[White "Staniczek, Kacper"]
[Black "Sliz, Karol"]
[Result "0-1"]
[WhiteTitle "II"]
[BlackTitle "II+"]
[WhiteElo "1345"]
[BlackElo "1615"]

1. e4 c6 2. d4 d5 3. Nc3 dxe4 4. Nxe4 Nd7 5. Nf3 Ngf6 6. Ng3 e6 7. c3 c5 8. Bd3
cxd4 9. Nxd4 Be7 10. O-O O-O 11. Re1 a6 12. Qe2 Kh8 13. Bg5 Nd5 14. Bxe7 Qxe7
15. Qh5 N7f6 16. Qg5 h6 17. Qh4 Qd6 18. Ne4 Nxe4 19. Bxe4 Nf6 20. Rad1 Qc7 21.
g4 Qf4 22. f3 e5 23. Ne2 Qe3+ 24. Kg2 Nxe4 25. fxe4 Qxe4+ 26. Kf2 Bxg4 27. Qe7
Qf3+ 28. Kg1 Qe3+ 29. Kg2 Bh3+ 0-1

[Event "Druzynowe Mistrzostw Polski Juniorow - II Liga"]
[Site "Wroclaw"]
[Date "1899-12-30"]
[Round "3.34"]
[White "Lonski, Aleksander"]
[Black "Wojs, Alicja"]
[Result "1/2-1/2"]
[WhiteTitle "II"]
[BlackTitle "I++"]
[WhiteElo "1517"]
[BlackElo "1566"]

1. e4 e6 2. d4 d5 3. Bd3 c5 4. exd5 exd5 5. Nf3 Nf6 6. O-O c4 7. Be2 Nc6 8. b3
cxb3 9. axb3 Be7 10. c4 O-O 11. Nc3 Bg4 12. Be3 h6 13. Ne5 Bxe2 14. Qxe2 Bb4 15.
Na2 Bd6 16. f4 a6 17. Nxc6 bxc6 18. c5 Bc7 19. Nb4 Qb8 20. Nxa6 Qb7 21. Nxc7 Qxc7
22. Rxa8 Rxa8 23. f5 Qb7 24. Rb1 Ne4 25. Qd3 Qb4 26. Qc2 Re8 27. Qd3 Ra8 28. Qc2
Nc3 29. Rc1 Nb5 30. Qb2 Ra3 31. Rb1 Nc3 32. Bd2 Qxd4+ 33. Kh1 Nb5 34. Qc1 Ra2
35. Be3 Qg4 36. Qf1 d4 37. Bg1 d3 38. Rd1 d2 39. Be3 Qb4 40. Qd3 Qc3 41. Qxc3
Nxc3 42. Rxd2 Ra1+ 43. Bg1 Ne4 44. Rc2 Rb1 45. g3 Rxb3 46. Kg2 g6 47. fxg6 fxg6
48. Re2 Rb4 49. Be3 h5 50. Rc2 Kf7 51. Kf3 Ke6 52. Rc1 g5 1/2-1/2

[Event "Druzynowe Mistrzostw Polski Juniorow - II Liga"]
[Site "Wroclaw"]
[Date "1899-12-30"]
[Round "3.35"]
[White "Lach, Alicja"]
[Black "Grzesik, Nikola"]
[Result "0-1"]
[WhiteTitle "I"]
[BlackTitle "I"]
[WhiteElo "1367"]
[BlackElo "1452"]

1. e4 c5 2. Nc3 a6 3. f4 b5 4. d3 Bb7 5. Nf3 Nc6 6. Be2 e6 7. O-O Be7 8. Be3 d5
9. exd5 exd5 10. d4 c4 11. Ne5 Nf6 12. Bf3 O-O 13. Ne2 Ne4 14. Ng4 f5 15. Ne5
a5 16. Nc3 Nxc3 17. bxc3 Rb8 18. Bh5 Nxe5 19. dxe5 Bc8 20. Bf3 Be6 21. Qd2 Qd7
22. Rfd1 Rfd8 23. Qf2 Qc7 24. a3 Rbc8 25. Bb6 Bc5 26. Bxc5 Qxc5 27. Rd4 Rd7 28.
Qd2 Rcd8 29. Kh1 Kf7 30. g3 g6 31. Qg2 Rg8 32. Qd2 Rgd8 33. Qc1 Rb8 34. Qd1 Rbd8
35. h3 Rg8 36. h4 Ke7 37. Qc1 Rb8 38. Rb1 Rbd8 39. Qb2 Rb8 40. Qa1 Rbd8 41. a4
b4 42. cxb4 axb4 43. c3 b3 44. Rb2 Qa5 45. Rbd2 Ra7 46. Qa3+ Kf7 47. Qb2 Qxa4
48. Bxd5 Bxd5+ 49. Rxd5 Rxd5 50. Rxd5 Qa1+ 51. Qxa1 Rxa1+ 52. Kg2 b2 0-1

[Event "Druzynowe Mistrzostw Polski Juniorow - II Liga"]
[Site "Wroclaw"]
[Date "1899-12-30"]
[Round "3.36"]
[White "Sliwicka, Weronika"]
[Black "Moczala, Maja"]
[Result "0-1"]
[WhiteTitle "I"]
[BlackTitle "I+"]
[WhiteElo "1281"]
[BlackElo "1375"]

1. e4 c5 2. Nf3 Nc6 3. d4 cxd4 4. Nxd4 Nf6 5. Nc3 d6 6. Nb3 e5 7. Bg5 Be7 8. Bxf6
Bxf6 9. Nd5 O-O 10. c3 Bg5 11. Bc4 Be6 12. O-O Rc8 13. Qe2 a6 14. a4 Ne7 15. Rfd1
Ng6 16. g3 h5 17. Bd3 Bxd5 18. exd5 h4 19. Qh5 hxg3 20. hxg3 Bh6 21. Bxg6 fxg6
22. Qxg6 Qb6 23. Qc2 Rxf2 24. a5 Rxc2+ 25. axb6 Be3+ 26. Kf1 Rf8+ 27. Ke1 Bf2+
28. Kf1 Bxg3+ 29. Kg1 Rff2 30. Na5 Rg2+ 31. Kh1 Rh2+ 32. Kg1 Bf4 33. Re1 Rcg2+
34. Kf1 Rxb2 35. Kg1 Rxb6 36. Nc4 Rb3 37. Nxd6 Rxc3 38. Nxb7 Rd2 39. Red1 Rg3+
40. Kf1 Rf3+ 41. Ke1 Rh2 42. Rdb1 Bg3+ 0-1

[Event "Druzynowe Mistrzostw Polski Juniorow - II Liga"]
[Site "Wroclaw"]
[Date "1899-12-30"]
[Round "3.37"]
[White "Borkowski, Stanislaw"]
[Black "Wnek, Filip"]
[Result "0-1"]
[WhiteTitle "I"]
[BlackTitle "I++"]
[WhiteElo "1734"]
[BlackElo "2032"]

1. e4 c5 2. Nf3 d6 3. d4 cxd4 4. Nxd4 Nf6 5. Nc3 a6 6. Bg5 e6 7. f4 Be7 8. Qf3
h6 9. Bh4 Nbd7 10. O-O-O Qc7 11. Be2 Rg8 12. Qe3 g5 13. fxg5 hxg5 14. Bg3 Ne5
15. Kb1 b5 16. Bd3 b4 17. Nce2 Bb7 18. h3 Rc8 19. Bxe5 dxe5 20. Nb3 a5 21. Rhf1
Nd7 22. Qf3 Rf8 23. Ng3 a4 24. Nc1 a3 25. Nh5 axb2 26. Ng7+ Kd8 27. Kxb2 Qc3+
28. Kb1 Rc6 29. Rf2 Bc5 30. Bb5 Qxf3 31. Rxf3 Rd6 32. Rfd3 Ke7 33. Nb3 Bd4 34.
Nxd4 exd4 35. Rxd4 Rxd4 36. Rxd4 Nc5 37. Bd3 Rh8 38. Rxb4 Bc6 39. Be2 Nxe4 40.
Kb2 Ng3 41. Bf3 Bxf3 42. gxf3 Kf6 43. Rg4 Ne2 44. a4 Rb8+ 45. Ka3 Kxg7 46. Rxg5+
Kf6 47. Rb5 Rc8 48. a5 Nd4 49. Rb6 Rxc2 50. a6 Nc6 51. Ka4 Rc5 52. Rb5 Rc4+ 53.
Kb3 Rc1 54. Kb2 Rc4 55. Kb3 Rf4 56. Rb6 Rxf3+ 57. Ka4 Rf4+ 58. Kb5 Na7+ 59. Ka5
Rf5+ 60. Kb4 Kg7 61. Ka4 Rd5 62. Rb7 Nc6 63. Rb5 Rd4+ 64. Ka3 e5 65. Rc5 Rd6 66.
Ka4 e4 67. Kb5 Na7+ 68. Ka5 e3 69. Rc7 e2 0-1

[Event "Druzynowe Mistrzostw Polski Juniorow - II Liga"]
[Site "Wroclaw"]
[Date "1899-12-30"]
[Round "3.38"]
[White "Rainer, Piotr"]
[Black "Lewandowski, Witold"]
[Result "1-0"]
[WhiteTitle "I"]
[BlackTitle "I"]
[WhiteElo "1709"]
[BlackElo "1547"]

1. e4 d6 2. d4 Nf6 3. Nc3 g6 4. Bg5 Bg7 5. Qd2 h6 6. Bf4 c6 7. O-O-O b5 8. f3 Nbd7
9. Kb1 Nb6 10. g4 Rb8 11. h4 h5 12. gxh5 Rxh5 13. Bg5 Be6 14. Nh3 b4 15. Ne2 Nc4
16. Qe1 Qa5 17. Nc1 Nb6 18. Nf4 Rh7 19. Nxe6 fxe6 20. Nb3 Qa4 21. Qg3 Nfd7 22.
Bh3 Nf8 23. Nc5 dxc5 24. Qxb8+ Kf7 25. Qf4+ Kg8 26. Bxe7 Bh6 27. Qf6 Bg7 28. Bxe6+
Kh8 29. Qf7 Nxe6 30. Qe8+ Nf8 31. Bxf8 Bxd4 32. Bh6# 1-0

[Event "Druzynowe Mistrzostw Polski Juniorow - II Liga"]
[Site "Wroclaw"]
[Date "1899-12-30"]
[Round "3.39"]
[White "Stanislawski, Karol"]
[Black "Micula, Jakub"]
[Result "1-0"]
[WhiteTitle "I"]
[BlackTitle "I"]
[WhiteElo "1678"]
[BlackElo "1623"]

1. d4 g6 2. Nf3 Bg7 3. g3 f5 4. Bg2 Nf6 5. O-O O-O 6. b3 d6 7. Bb2 Qe8 8. Nbd2
c6 9. c4 e5 10. dxe5 Nfd7 11. Ba3 c5 12. e6 Ne5 13. Nxe5 Bxe5 14. Rb1 Qe7 15.
Bd5 Bxe6 16. Nf3 Bf6 17. Bb2 h6 18. Qd2 Kg7 19. Rfd1 Bxd5 20. Qxd5 Nc6 21. Qxd6
Qxe2 22. Qc7+ Rf7 23. Rd7 Qe6 24. Rxf7+ Qxf7 25. Bxf6+ Kxf6 26. Qd6+ Qe6 27. Qxc5
Qe4 28. Qd6+ Kg7 29. Nd2 Qe2 30. Qd7+ Kf6 31. Qxb7 Qe8 32. Nf3 Rb8 33. Qc7 Qe4
34. Qd6+ Kg7 35. Re1 Qxf3 36. Re6 Rd8 37. Re7+ Nxe7 38. Qxe7+ Kg8 39. Qxd8+ Kg7
40. Qd4+ Kf7 41. Qxa7+ Kf6 42. Qd4+ Kf7 43. Qd5+ 1-0

[Event "Druzynowe Mistrzostw Polski Juniorow - II Liga"]
[Site "Wroclaw"]
[Date "1899-12-30"]
[Round "3.40"]
[White "Kozak, Karol"]
[Black "Gorecki, Michal"]
[Result "1/2-1/2"]
[WhiteTitle "I"]
[BlackTitle "II"]
[WhiteElo "1490"]
[BlackElo "1311"]

1. e4 c5 2. Nf3 Nc6 3. d4 cxd4 4. Nxd4 Nf6 5. Nc3 e5 6. Ndb5 d6 7. a4 a6 8. Na3
Be6 9. Bg5 Be7 10. Bxf6 Bxf6 11. Nd5 Bg5 12. Bc4 O-O 13. O-O Rc8 14. c3 Ne7 15.
Bb3 Bxd5 16. Bxd5 Nxd5 17. Qxd5 Qc7 18. Rad1 Rfd8 19. Rd3 Be7 20. Rfd1 Qc6 21.
Qxc6 Rxc6 22. b4 Rdc8 23. c4 f6 24. f3 Kf7 25. g4 R6c7 26. Rd5 Ke6 27. Kf2 g6
28. Ke3 Bf8 29. h3 Bh6+ 30. Ke2 Bf8 31. Ke3 Bh6+ 32. Ke2 Bf8 33. Ke3 1/2-1/2

[Event "Druzynowe Mistrzostw Polski Juniorow - II Liga"]
[Site "Wroclaw"]
[Date "1899-12-30"]
[Round "3.41"]
[White "Oszutowska, Anna"]
[Black "Nowak, Zuzanna"]
[Result "0-1"]
[WhiteTitle "I"]
[BlackTitle "I+"]
[WhiteElo "1248"]
[BlackElo "1389"]

1. e4 e5 2. Nf3 Nc6 3. Bb5 a6 4. Ba4 Nf6 5. O-O b5 6. Bb3 Bb7 7. c3 Bc5 8. d4 Bd6
9. Re1 O-O 10. Nbd2 h6 11. Nf1 Re8 12. d5 Ne7 13. Ng3 Ng6 14. Be3 Ng4 15. Nf5
Nxe3 16. Nxe3 Bc5 17. c4 d6 18. Rc1 Qf6 19. g3 h5 20. Nf5 Bc8 21. Ne3 h4 22. Kg2
Kh7 23. Rh1 Rh8 24. Ng1 h3+ 25. Nxh3 Bxh3+ 26. Kxh3 Qxf2 27. Nf5 Kg8+ 28. Kg4
Qg2 29. Qc2 Qh3+ 30. Kf3 Nf4 31. Qd2 Qh5+ 32. g4 Qh3+ 33. Ng3 Rh4 0-1

[Event "Druzynowe Mistrzostw Polski Juniorow - II Liga"]
[Site "Wroclaw"]
[Date "1899-12-30"]
[Round "3.42"]
[White "Nowak, Emilia"]
[Black "Lukasik, Aleksandra"]
[Result "1-0"]
[WhiteTitle "I"]
[BlackTitle "II+"]
[WhiteElo "1279"]
[BlackElo "1127"]

1. e4 d6 2. d4 Nf6 3. Nc3 Nbd7 4. f4 e5 5. Nf3 exf4 6. Bxf4 Nb6 7. Bd3 Bg4 8. Qd2
Be7 9. h3 Bh5 10. g4 Bg6 11. O-O-O Qd7 12. Nh4 O-O-O 13. Nf5 Rhg8 14. Rhe1 Bxf5
15. gxf5 Nh5 16. Bh2 h6 17. Qe2 Bg5+ 18. Kb1 g6 19. Qf3 Rdf8 20. e5 d5 21. Qg4
a6 22. e6 fxe6 23. fxe6 Qe7 24. Bxg6 Nf6 25. Qf5 Ng4 26. Qxg4 Rxg6 27. h4 Bd2
28. Qxg6 Bxc3 29. Re3 Bb4 30. Qxh6 Rf2 31. Qh8+ Rf8 32. Qh5 Nc4 33. Re2 Bd6 34.
Bxd6 Qxd6 35. e7 Nd2+ 36. Kc1 Ne4 37. e8=Q+ Qd8 38. Qxd8+ Rxd8 39. Rxe4 dxe4 40.
Qf5+ Kb8 41. Qxe4 Ka7 42. Rf1 Rd7 43. h5 Kb8 44. Qe8+ Ka7 45. Qxd7 Kb6 46. Rf6+
c6 47. Rf7 Kb5 48. Qxb7+ Kc4 49. Rd7 c5 50. Qb3# 1-0

[Event "Druzynowe Mistrzostw Polski Juniorow - II Liga"]
[Site "Wroclaw"]
[Date "1899-12-30"]
[Round "3.43"]
[White "Jedrusik, Adam"]
[Black "Kubica, Dominik"]
[Result "1-0"]
[WhiteTitle "I++"]
[BlackTitle "I"]
[WhiteElo "1960"]
[BlackElo "1595"]

1. d4 d5 2. c4 e6 3. Nc3 Nf6 4. cxd5 exd5 5. Bg5 c6 6. Qc2 Be7 7. e3 h6 8. Bf4
Bd6 9. Bg3 O-O 10. Bd3 Qe7 11. Nf3 Be6 12. Nh4 Nbd7 13. Nf5 Bxf5 14. Bxf5 Rfe8
15. O-O-O a5 16. Bxd6 Qxd6 17. g4 b5 18. h4 b4 19. Na4 Reb8 20. g5 Nh5 21. Rdg1
g6 22. Bg4 hxg5 23. Bxh5 gxh5 24. Rxg5+ Kf8 25. Rhg1 Nf6 26. Nc5 a4 27. Qd1 a3
28. b3 Rb5 29. Kb1 Re8 30. Qf3 Re7 31. Qxf6 Qxf6 32. Rg8# 1-0

[Event "Druzynowe Mistrzostw Polski Juniorow - II Liga"]
[Site "Wroclaw"]
[Date "1899-12-30"]
[Round "3.44"]
[White "Sputowski, Jakub"]
[Black "Haliniak, Wojciech"]
[Result "1/2-1/2"]
[WhiteTitle "I"]
[BlackTitle "I"]
[WhiteElo "1677"]
[BlackElo "1827"]

1. e4 e6 2. d4 d5 3. Bd3 dxe4 4. Bxe4 Nf6 5. Bf3 c5 6. Ne2 Nc6 7. Be3 e5 8. Bxc6+
bxc6 9. dxe5 Qxd1+ 10. Kxd1 Ng4 11. Nd2 Nxe3+ 12. fxe3 Be7 13. c4 Bg5 14. Nf4
Bg4+ 15. Nf3 f6 16. Kc2 Bf5+ 17. Kc3 Bh6 18. exf6 O-O 19. Rad1 Rxf6 20. Kd2 g5
21. Nh5 Re6 22. Ng3 Bg6 23. h4 gxh4 24. Rxh4 Rd8+ 25. Ke1 Rxe3+ 26. Ne2 Rxd1+
27. Kxd1 Bg7 28. Kd2 Re4 29. Rxe4 Bxe4 30. b3 Bh6+ 31. Kc3 Kf7 32. Ng3 Bg7+ 33.
Kd2 Bb1 34. a3 Bb2 35. a4 Kg6 36. Kd1 h5 37. Kd2 Bf6 38. Kc1 Bf5 39. Nxf5 Kxf5
40. Kd2 Kg4 41. Ke2 Kg3 42. Kf1 Kf4 43. Ke2 Ke4 44. Kd2 Bg7 45. Ng5+ Kf5 46. Nh3
Bh6+ 47. Kd3 Kg4 48. Ke2 Kg3 49. Kf1 Be3 50. Ng1 Bxg1 51. Kxg1 a5 52. Kf1 Kf4
53. Ke2 Ke4 54. g3 Kd4 55. Kd2 Ke4 1/2-1/2

[Event "Druzynowe Mistrzostw Polski Juniorow - II Liga"]
[Site "Wroclaw"]
[Date "1899-12-30"]
[Round "3.45"]
[White "Leszczewicz, Karol"]
[Black "Dylong, Antoni"]
[Result "1/2-1/2"]
[WhiteTitle "I+"]
[BlackTitle "I"]
[WhiteElo "1519"]
[BlackElo "1576"]

1. d4 c5 2. d5 g6 3. e4 Bg7 4. Nf3 d6 5. c4 e6 6. Be2 Ne7 7. O-O O-O 8. Nc3 exd5
9. exd5 Na6 10. Bf4 Nc7 11. a4 Nf5 12. Re1 Nd4 13. Nxd4 Bxd4 14. Qd2 f5 15. Bd3
Ne8 16. Bh6 Bg7 17. Bxg7 Kxg7 18. Re2 Nf6 19. Rae1 Rf7 20. b3 a6 21. Qb2 b6 22.
Na2 Bd7 23. Nc1 Qf8 24. Bb1 Kg8 25. Nd3 Nh5 26. Qd2 Re8 27. Rxe8 Bxe8 28. Nf4
Nxf4 29. Qxf4 Re7 30. Qd2 Rxe1+ 31. Qxe1 Bd7 32. Bd3 Qe8 1/2-1/2

[Event "Druzynowe Mistrzostw Polski Juniorow - II Liga"]
[Site "Wroclaw"]
[Date "1899-12-30"]
[Round "3.46"]
[White "Nguyen, Doan Quoc Anh"]
[Black "Krogulski, Maksymilian"]
[Result "0-1"]
[WhiteTitle "II"]
[BlackTitle "I"]
[WhiteElo "1293"]
[BlackElo "1584"]

1. e4 c5 2. Nf3 Nc6 3. d4 cxd4 4. Nxd4 Qb6 5. Nb3 Nf6 6. Nc3 e6 7. a3 Be7 8. Be3
Qc7 9. g3 d6 10. Bg2 b6 11. O-O Ba6 12. Re1 O-O 13. f4 Rac8 14. f5 Ne5 15. Bh3
exf5 16. Bxf5 Rb8 17. Bg5 Bc4 18. Nd4 Ba6 19. Bh3 h6 20. Bxf6 Bxf6 21. Nd5 Qd8
22. Nf5 Nc4 23. c3 Nxb2 24. Qf3 Be5 25. Nfe7+ Kh7 26. Nc6 Qe8 27. Nxb8 Qxb8 28.
Bf1 Qc8 29. Bxa6 Qxa6 30. Qe2 Qxe2 31. Rxe2 Na4 32. Re3 Rc8 33. Kg2 Rc4 34. Rf1
f6 35. Rb1 Rc5 36. Rc1 Kg8 37. Kf3 Kf7 38. Rd3 Rb5 39. Rc2 Rb3 40. Ra2 Nc5 41.
Re3 b5 42. Nf4 Na4 43. Nd3 Nb6 44. Nxe5+ dxe5 45. c4 bxc4 46. Rxb3 cxb3 47. Rb2
Nc4 0-1

[Event "Druzynowe Mistrzostw Polski Juniorow - II Liga"]
[Site "Wroclaw"]
[Date "1899-12-30"]
[Round "3.47"]
[White "Pastuszko, Katarzyna"]
[Black "Kulpa, Karolina"]
[Result "1-0"]
[WhiteTitle "I++"]
[BlackTitle "I"]
[WhiteElo "1285"]
[BlackElo "1461"]

1. e4 c5 2. Nf3 d6 3. d4 cxd4 4. Nxd4 Nf6 5. Nc3 a6 6. Bd3 e5 7. Nde2 Be7 8. O-O
O-O 9. Kh1 Be6 10. f4 Nc6 11. h3 exf4 12. Bxf4 Ne5 13. Qd2 Qc7 14. Rad1 Rfd8 15.
Bg5 h6 16. Bxf6 Bxf6 17. Rxf6 gxf6 18. Nf4 Rd7 19. Nfd5 Qd8 20. Qxh6 Ng6 21. Rf1
f5 22. exf5 Bxd5 23. Nxd5 Qh4 24. Qxh4 Nxh4 25. Nf6+ 1-0

[Event "Druzynowe Mistrzostw Polski Juniorow - II Liga"]
[Site "Wroclaw"]
[Date "1899-12-30"]
[Round "3.48"]
[White "Cichon, Julia"]
[Black "Czarkowska, Dalia"]
[Result "0-1"]
[WhiteTitle "II+"]
[BlackTitle "I"]
[WhiteElo "1054"]
[BlackElo "1085"]

1. e4 c6 2. d4 d5 3. exd5 cxd5 4. Bd3 Nc6 5. c3 Nf6 6. Nf3 Bg4 7. Nbd2 Qc7 8. h3
Bh5 9. O-O e5 10. dxe5 Nxe5 11. Re1 Bd6 12. Be2 Bxf3 13. Nxf3 O-O 14. Bg5 Ne4
15. Bh4 Qc6 16. Nxe5 Bxe5 17. Bd3 Bd6 18. Qc2 f5 19. Re2 Bc5 20. Bxe4 dxe4 21.
Qb3+ Kh8 22. Rd1 b6 23. Rd5 Qh6 24. Bg3 f4 25. Bh2 e3 26. f3 Rad8 27. Rxd8 Rxd8
28. Qc2 Be7 29. Qb3 Bh4 30. Qa4 g5 31. Qc2 Qd6 0-1

[Event "Druzynowe Mistrzostw Polski Juniorow - II Liga"]
[Site "Wroclaw"]
[Date "1899-12-30"]
[Round "3.49"]
[White "Owoc, Jakub"]
[Black "Cichon, Bartlomiej"]
[Result "0-1"]
[WhiteTitle "I"]
[BlackTitle "I"]
[WhiteElo "1756"]
[BlackElo "1938"]

1. d4 Nf6 2. c4 g6 3. Nc3 Bg7 4. e4 d6 5. Be2 O-O 6. Bg5 c5 7. d5 h6 8. Bf4 Qa5
9. Bd2 Qd8 10. Bf4 Qa5 11. Bd2 a6 12. a4 e6 13. Nf3 Qc7 14. O-O exd5 15. exd5
Bg4 16. h3 Bxf3 17. Bxf3 Nbd7 18. Bf4 Rfe8 19. Qd2 Ne5 20. Bxe5 Rxe5 21. g3 Rae8
22. Rfe1 Nd7 23. Bg2 Qb6 24. Kf1 Qb4 25. Re4 Rxe4 26. Nxe4 Qxc4+ 27. Kg1 Rxe4
28. Bxe4 Qxe4 29. Re1 Qf5 30. Re7 Bf6 31. g4 Qb1+ 32. Re1 Qxb2 33. Qxh6 Ne5 34.
Qf4 Kg7 35. Qe4 Qd4 36. Qg2 b5 37. axb5 axb5 38. Kh2 Qf4+ 39. Kg1 Qf3 40. Re3
Qxg2+ 41. Kxg2 b4 42. f4 Nc4 43. Re8 b3 44. g5 Bc3 45. f5 gxf5 46. h4 b2 47. Rb8
Bb4 48. h5 b1=Q 0-1

[Event "Druzynowe Mistrzostw Polski Juniorow - II Liga"]
[Site "Wroclaw"]
[Date "1899-12-30"]
[Round "3.50"]
[White "Bajer, Tomasz"]
[Black "Krupinski, Mikolaj"]
[Result "0-1"]
[WhiteTitle "II+"]
[BlackTitle "I"]
[WhiteElo "1369"]
[BlackElo "1747"]

1. Nf3 Nf6 2. g3 e6 3. Bg2 d5 4. O-O Bd6 5. d3 O-O 6. Nbd2 Nbd7 7. c4 c6 8. b3
Ne5 9. Bb2 Ng6 10. Rc1 Qa5 11. Rc2 Bd7 12. Qa1 Ne8 13. Rfc1 Ba3 14. Bxa3 Qxa3
15. Ne5 Nxe5 16. Qxe5 f6 17. Qh5 Nc7 18. Nf3 Na6 19. Ra1 Nb4 20. Rd2 a5 21. cxd5
cxd5 22. e4 Rfc8 23. exd5 Rc1+ 24. Rd1 Rxd1+ 25. Rxd1 Nxd5 26. Nd4 Nc3 27. Re1
e5 28. Bxb7 Ra7 29. Nc6 Rxb7 30. Nd8 Rc7 31. Qf7+ Kh8 32. Ne6 Ne2+ 33. Kf1 Bxe6
34. Qxc7 Nd4 35. Qd8+ Bg8 36. Qb8 Qxa2 37. Rc1 Qxb3 38. Qxb3 Nxb3 39. Rc8 h5 40.
Ra8 Kh7 41. Ke2 Bd5 42. Ra6 Bc6 43. Ke3 Bb5 44. Ra7 a4 45. f4 Kg6 46. fxe5 fxe5
47. Ke4 Kf6 48. Ra8 Bc6+ 0-1

[Event "Druzynowe Mistrzostw Polski Juniorow - II Liga"]
[Site "Wroclaw"]
[Date "1899-12-30"]
[Round "3.51"]
[White "Piatek, Szymon"]
[Black "Nowakowski, Maksymilian"]
[Result "0-1"]
[WhiteTitle "II"]
[BlackTitle "II+"]
[WhiteElo "1322"]
[BlackElo "1363"]

1. e4 e6 2. d4 d5 3. Nd2 dxe4 4. Nxe4 Nd7 5. Nf3 Ngf6 6. Bd3 Nxe4 7. Bxe4 Nf6 8.
Bd3 Be7 9. O-O O-O 10. Re1 b6 11. c3 Bb7 12. a4 a5 13. Qe2 c5 14. dxc5 Bxc5 15.
Be3 Bxf3 16. gxf3 Qc7 17. Bg5 Be7 18. Kh1 Rad8 19. Rg1 Kh8 20. Qe3 Qc5 21. Rad1
Rd5 22. Bc2 Rfd8 23. Rxd5 Rxd5 24. Bh6 g6 25. Rd1 Qc4 26. Kg2 Rh5 27. b3 Qh4 28.
Be4 Nd5 29. Qd4+ Bf6 0-1

[Event "Druzynowe Mistrzostw Polski Juniorow - II Liga"]
[Site "Wroclaw"]
[Date "1899-12-30"]
[Round "3.52"]
[White "Pawlowski, Kamil"]
[Black "Gruca, Karol"]
[Result "1/2-1/2"]
[WhiteTitle "II"]
[BlackTitle "II"]
[WhiteElo "1257"]
[BlackElo "1346"]

1. d4 e6 2. Nf3 c5 3. c3 d5 4. Bf4 Nc6 5. e3 Nf6 6. Nbd2 Be7 7. Be2 a6 8. Qc2 b5
9. a3 c4 10. e4 Nxe4 11. Nxe4 dxe4 12. Qxe4 Qd5 13. Qxd5 exd5 14. O-O-O Bf5 15.
Ne5 Na5 16. Rde1 f6 17. Ng4 Kf7 18. Bf3 Nb3+ 19. Kd1 Rhd8 20. Ne3 Be6 21. Re2
Bd6 22. Bxd6 Rxd6 23. Rhe1 g6 24. Ng4 f5 25. Rxe6 Rxe6 26. Bxd5 Rae8 27. Bxe6+
Rxe6 28. Rxe6 Kxe6 29. Ne5 Na5 30. Ke2 Nb7 31. Ke3 g5 32. f4 g4 33. h3 h5 34.
hxg4 hxg4 35. Nc6 Kd6 36. Ne5 Ke6 37. a4 Nd6 38. axb5 axb5 39. Nc6 Nc8 40. Na5
Nb6 41. g3 Na4 42. b3 1/2-1/2

[Event "Druzynowe Mistrzostw Polski Juniorow - II Liga"]
[Site "Wroclaw"]
[Date "1899-12-30"]
[Round "3.53"]
[White "Szopa, Emilia"]
[Black "Gornisiewicz, Natalia"]
[Result "1-0"]
[WhiteTitle "I++"]
[BlackTitle "I++"]
[WhiteElo "1816"]
[BlackElo "1425"]

1. e4 e5 2. Nf3 Nc6 3. Bc4 Bc5 4. O-O d6 5. c3 Nf6 6. d3 a6 7. Bb3 Bg4 8. Be3 Ba7
9. Nbd2 O-O 10. h3 Bxf3 11. Qxf3 Ne7 12. Bxa7 Rxa7 13. Qe3 Ra8 14. f4 exf4 15.
Rxf4 Ng6 16. Rf2 Qe7 17. Re1 h6 18. Nf3 Rfe8 19. Nd4 c6 20. Nf5 Qe5 21. d4 Qxe4
22. Bxf7+ Kh7 23. Bxg6+ Kxg6 24. Qg3+ 1-0

[Event "Druzynowe Mistrzostw Polski Juniorow - II Liga"]
[Site "Wroclaw"]
[Date "1899-12-30"]
[Round "3.54"]
[White "Gornisiewicz, Gabriela"]
[Black "Pajak, Patrycja"]
[Result "0-1"]
[WhiteTitle "II+"]
[BlackTitle "I"]
[WhiteElo "1217"]
[BlackElo "1078"]

1. e4 c5 2. Nc3 Nc6 3. g3 g6 4. Bg2 Bg7 5. Nge2 d6 6. h3 Bd7 7. O-O Nf6 8. d3 O-O
9. Be3 Rc8 10. a3 a6 11. Qc1 Qc7 12. Bh6 Rfd8 13. Bxg7 Kxg7 14. Kh2 Nd4 15. Nf4
Bc6 16. Nfe2 Nxe2 17. Nxe2 b6 18. Qe3 Bb7 19. f4 Rf8 20. f5 Rh8 21. h4 Ng4+ 0-1

[Event "Druzynowe Mistrzostw Polski Juniorow - II Liga"]
[Site "Wroclaw"]
[Date "1899-12-30"]
[Round "3.55"]
[White "Malinowski, Szymon"]
[Black "Rog, Bartlomiej"]
[Result "0-1"]
[WhiteTitle "I"]
[BlackTitle "k"]
[WhiteElo "1824"]
[BlackElo "2091"]

1. d4 e6 2. Nf3 c5 3. c3 Qb6 4. Nbd2 d5 5. e3 Nc6 6. Bd3 Nf6 7. O-O Bd6 8. b3 O-O
9. Bb2 e5 10. dxc5 Bxc5 11. Bb1 e4 12. Nd4 Nxd4 13. exd4 Bd6 14. h3 Bf4 15. Re1
Bf5 16. c4 Rfe8 17. cxd5 Qa5 18. Nc4 Qxd5 19. a3 Be6 20. Ba2 Qg5 21. Kh1 Qh4 22.
Kg1 Bxh3 23. gxh3 Qxh3 24. Qc2 Ng4 25. Ne5 Rxe5 0-1

[Event "Druzynowe Mistrzostw Polski Juniorow - II Liga"]
[Site "Wroclaw"]
[Date "1899-12-30"]
[Round "3.56"]
[White "Majdanski, Maksymilian"]
[Black "Trzebinski, Patryk"]
[Result "0-1"]
[WhiteTitle "I++"]
[BlackTitle "I++"]
[WhiteElo "1886"]
[BlackElo "1782"]

1. d4 Nf6 2. c4 e5 3. dxe5 Ne4 4. a3 d6 5. Nf3 Nc6 6. Bf4 Bg4 7. exd6 Qf6 8. Qc1
Bxd6 9. Bxd6 Qxd6 10. Nbd2 Bxf3 11. gxf3 Nc5 12. b4 Ne6 13. Ne4 Qe5 14. e3 f5
15. Nc3 Ncd4 16. Be2 Nb3 17. f4 Qf6 18. Nd5 Qxa1 19. Qxa1 Nxa1 20. Kd2 c6 21.
Nc3 O-O-O 22. Bd3 Nb3+ 23. Kc2 Nbd4+ 24. exd4 Nxd4+ 25. Kb2 g6 26. Re1 Rhe8 27.
Re3 Rxe3 28. fxe3 Nf3 29. Be2 Nxh2 30. e4 Ng4 31. b5 h5 0-1